01378nam a2200301Ia 4500001000900000003000500009005001700014008004100031010001100072040000900083082002300092110009400115245013500209260006000344300001500404503000700419590002200426650006500448650006700513651014800580710009600728901002300824902000600847905006300853942001500916999001900931952012600950dia_1111CHAP20230120102614.0220117s1969 xx 000 0 und d a171657 cCHAP aC 353.972 M49 1970 aMéxico. Secretaría de la Presidencia. Comisión de Administración Pública977194 aManual de Organización del Gobierno Federal 1969-1970 /c Comisión de Administración Pública, Secretaría de Presidencia aMéxico :b Talleres Gráficos de la Nación,c1969 axv, 786 p. aD. aC JF1355 M49 1970 aFederal governmentxMexicoxHandbooks, manuals, etc.9150045 aGobierno FederalxOrganizaciónxMéxicoxManuales 9150046 a2. México - Política y gobierno - 1970-1988 - Manuales \ 4. Mexico - Politics and government - 1970-1988 - Handbooks, manuals, etc.9150047 aSecretaría de la Presidencia. Comisión de Administración Pública (México)9150048 aC 353.972 M49 1970 aM a5232271969 mx i 8225223322spa16 cLIBRO2ddc c171657d171657 00102ddc4051708CaIA_bIA_d2022-01-18l0oC 353.972 M49 1970pdia_000006r2022-01-18 00:00:00t1w2022-01-18yLIBRO